| 000 | 00874cam a22002535a 4500 | ||
|---|---|---|---|
| 999 |
_c27420 _d27391 |
||
| 005 | 20201128024413.0 | ||
| 008 | 820209t1982 inu frb 001 0 eng d | ||
| 020 | _a0915145391 | ||
| 020 | _a9780915145393 | ||
| 040 |
_aDLC _beng _cDLC _dm/c _dIUL _dEG-ScBUE _dEG-ScBUE |
||
| 082 | 0 | 4 |
_a121 _bBER _222 |
| 100 | 1 |
_aBerkeley, George, _d1685-1753. |
|
| 245 | 1 | 2 |
_aA treatise concerning the principles of human knowledge / _cby George Berkeley ; edited with an introduction by Kenneth P. Winkler. |
| 260 |
_aIndianapolis : _bHackett Pub. Co., _cc.1982. |
||
| 300 |
_axliv, 99 p. ; _c22 cm. |
||
| 500 | _aIncludes glossary. | ||
| 504 | _aIncludes bibliographical references and index. | ||
| 650 | 7 |
_aTheory of Knowledge. _2BUEsh _9695 |
|
| 650 | 7 |
_aIdealism. _2BUEsh |
|
| 651 | _2BUEsh | ||
| 653 |
_bGGEN _cApril2019 |
||
| 700 | 1 |
_aWinkler, Kenneth P. _teditor. |
|
| 942 | _2ddc | ||